Disaster Management/ (Record no. 209130)

MARC details
000 -LEADER
fixed length control field 00759nam a22002177a 4500
005 - DATE AND TIME OF LATEST TRANSACTION
control field 20250424123104.0
010 ## - LCCN (DPL NO)
LC control number B-767226-239 BACEN25
020 ## - INTERNATIONAL STANDARD BOOK NUMBER
International Standard Book Number 9789356742635
Terms of availability 425.00
035 ## - SYSTEM CONTROL NUMBER
System control number B-767226-239
037 ## - SOURCE OF ACQUISITION
Source of stock number/acquisition UDH
082 ## - DEWEY DECIMAL CLASSIFICATION NUMBER
Classification number 363.34
100 ## - MAIN ENTRY--PERSONAL NAME
Personal name R Subramanian
245 ## - TITLE STATEMENT
Title Disaster Management/
Statement of responsibility, etc by R Subramanian
250 ## - EDITION STATEMENT
Edition statement 2
260 ## - PUBLICATION, DISTRIBUTION, ETC. (IMPRINT)
Place of publication, distribution, etc Noida
Name of publisher, distributor, etc Vikas Publishing House
Date of publication, distribution, etc 2024
270 ## - ADDRESS
Address E-28, Sector 8,
City Noida (UP)
Postal code 201301
300 ## - PHYSICAL DESCRIPTION
Extent xx,354p.:
Dimensions 23cm(pb)
500 ## - GENERAL NOTE
General note Includes index
942 ## - ADDED ENTRY ELEMENTS (KOHA)
Source of classification or shelving scheme Dewey Decimal Classification
Item type English Books
Classification part 363.34
Call number suffix SUB
Holdings
Withdrawn status Lost status Not for loan Collection code Home library Current library Date acquired Source of acquisition Cost, normal purchase price Full call number Barcode Copy number Cost, replacement price Koha item type
      Non-fiction Bawana Bawana 24/04/2025 UDH Pub./BS/7061/20.3.25/70/15.3.25/26.3.25 425.00 363.34 SUB B-767238 1 425.00 English Books
      Non-fiction Central Library Central Library 24/04/2025 UDH Pub./BS/7061/20.3.25/70/15.3.25/26.3.25 425.00 363.34 SUB B-767226 1 425.00 English Books
      Non-fiction Janak Puri Janak Puri 24/04/2025 UDH Pub./BS/7061/20.3.25/70/15.3.25/26.3.25 425.00 363.34 SUB B-767233 1 425.00 English Books
      Non-fiction Kasturba Gandhi Marg Kasturba Gandhi Marg 24/04/2025 UDH Pub./BS/7061/20.3.25/70/15.3.25/26.3.25 425.00 363.34 SUB B-767231 1 425.00 English Books
      Non-fiction Mobile Library Mobile Library 24/04/2025 UDH Pub./BS/7061/20.3.25/70/15.3.25/26.3.25 425.00 363.34 SUB B-767227 2 425.00 English Books
      Non-fiction Mobile Library Mobile Library 24/04/2025 UDH Pub./BS/7061/20.3.25/70/15.3.25/26.3.25 425.00 363.34 SUB B-767228 2 425.00 English Books
      Non-fiction Narela Narela 24/04/2025 UDH Pub./BS/7061/20.3.25/70/15.3.25/26.3.25 425.00 363.34 SUB B-767237 1 425.00 English Books
      Non-fiction New Police Line New Police Line 24/04/2025 UDH Pub./BS/7061/20.3.25/70/15.3.25/26.3.25 425.00 363.34 SUB B-767229 1 425.00 English Books
      Non-fiction Patel Nagar Patel Nagar 24/04/2025 UDH Pub./BS/7061/20.3.25/70/15.3.25/26.3.25 425.00 363.34 SUB B-767230 1 425.00 English Books
      Non-fiction Peshwa Road Peshwa Road 24/04/2025 UDH Pub./BS/7061/20.3.25/70/15.3.25/26.3.25 425.00 363.34 SUB B-767232 1 425.00 English Books
      Non-fiction R.K.Puram-8 R.K.Puram-8 24/04/2025 UDH Pub./BS/7061/20.3.25/70/15.3.25/26.3.25 425.00 363.34 SUB B-767235 1 425.00 English Books
      Non-fiction Sarojini Nagar Sarojini Nagar 24/04/2025 UDH Pub./BS/7061/20.3.25/70/15.3.25/26.3.25 425.00 363.34 SUB B-767234 1 425.00 English Books
      Non-fiction Shahdara Branch Shahdara Branch 24/04/2025 UDH Pub./BS/7061/20.3.25/70/15.3.25/26.3.25 425.00 363.34 SUB B-767239 1 425.00 English Books
      Non-fiction Vinoba Puri Vinoba Puri 24/04/2025 UDH Pub./BS/7061/20.3.25/70/15.3.25/26.3.25 425.00 363.34 SUB B-767236 1 425.00 English Books

© Delhi Public Library
Hit Counter
free hit counter